000 00226nam a22000857a 4500
008 140430b xxu||||| |||| 00| 0 eng d
020 _cAvailable
082 _211th Ed.
245 _aSears & Zemansky's UNIVERSITY PHYSICS
_cYoung,Hugh D
999 _c23991
_d23991